000 00531nam a2200193Ia 4500
003 GCL
008 140319s9999 xx 000 0 ara d
040 _aGCL /
_cGCL
082 0 4 _a813.008
_bع ر
100 1 _aعلاء الديب
245 1 0 _aزهر الليمون و قصص اخرى /
_cعلاء الديب
260 _a[S.N] :
_bدار سعاد الصباح ،
_c1993
300 _a258 ص
490 _a
650 0 4 _aالادب العربى
650 0 4 _aالقصص
650 0 4 _aالمجموعات
942 _2ddc
_cBK
999 _c35263
_d35263